000 01314nas a2200373 a 4500
001 134
003 BD-RjUL
005 20211208233123.0
008 131123c19419999ii tr p 0 a0eng
030 _aIJGBAG
035 _a(OCoLC)ocm01715141
_a(BD-RjUL)146
040 _aDLC
_beng
_cMnMULS
_dOCoLC
_dNIC
_dInU
_dOCoLC
_dAIP
_dNSDP
_dDLC
_dNST
_dDNAL
_dOCoLC
_dBD-RjUL
070 0 _a64.8
_bIn2
082 0 _a631.52205
_219
_b IJGP
245 0 4 _aThe Indian journal of genetics & plant breeding :
_bofficial publication of the Indian Society of Genetics & Plant Breeding.
260 _aNew Delhi :
_bThe Society
_c1999
300 _av. :
_bill. ;
_c25 cm.
321 _aOne no.,
_b1941
321 _aSemiannual,
_b1950-1959
510 2 _aChemical abstracts
_x0009-2258
650 0 _aPlant breeding
_vPeriodicals.
_9438
650 0 _aGenetics
_vPeriodicals.
_9439
710 2 _aIndian Society of Genetics & Plant Breeding.
_9440
776 0 8 _iOnline version:
_tIndian journal of genetics & plant breeding
_w(OCoLC)741465250
942 _2ddc
_cCR
999 _c134
_d134